000 00607nam a22002177a 4500
005 20170124105940.0
010 _aA-409943
020 _c00.00
035 _aA-409943
037 _bCen Lib/Ret
040 _aDPL
_bEN
082 _a339
_bMIT
100 _aMithani, D M
_91395
245 _aMacro economics /
_cby D. M. Mithani
260 _aBombay
_bHimalaya Publishing House
_c1989
270 _a "Ramdoot" Dr. Bhalerao Marg, Girgaon
_bBombay
300 _a612p.
_c20cm(Hb)
650 _aEconomics
_975275
650 _aManagerial economics
_96661
942 _2ddc
_cEN
_h339
_mMIT
999 _c124522
_d124522